000 04001nab a2200337 i 4500
003 BR-BrBNA
005 20250113155041.0
008 250113b2017 bl.mr|pooa||| 00| 0 eng |
040 _aBR-BrBNA
_beng
072 _aL10
_b6100
072 _aL01
100 _aFerreira, Priscila Becker
100 _aRorato, Paulo Roberto Nogara
100 _aBreda, Fernanda Cristina
100 _aMichelotti, Vanessa Tomazetti
100 _aRosa, Alexandre Pires
100 _aMacedo, André
245 _aGenotypic parameters for egg production in pure breed hens by using random regression model
500 _aPublicação on-line; 19 ref.; 4 tables; Sumaries (En, Pt)
520 _a ABSTRACT - This study aimed to test different genotypic and residual covariance matrix structures in random regression models to model the egg production of Barred Plymouth Rock and White Plymouth Rock hens aged between 5 and 12 months. In addition, we estimated broad-sense heritability, and environmental and genotypic correlations. Six random regression models were evaluated, and for each model, 12 genotypic and residual matrix structures were tested. The random regression model with linear intercept and unstructured covariance (UN) for a matrix of random effects and unstructured correlation (UNR) for residual matrix adequately model the egg production curve of hens of the two study breeds. Genotypic correlations ranged from 0.15 (between age of 5 and 12 months) to 0.99 (between age of 10 and 11 months) and increased based on the time elapsed. Egg production heritability between 5- and 12-month-old hens increased with age, varying from 0.15 to 0.51. From the age of 9 months onward, heritability was moderate with estimates of genotypic correlations higher than 90% at the age of 10, 11, and 12 months. Results suggested that selection of hens to improve egg production should commence at the ninth month of age. Key words: Barred Plymouth Rock, heritability, laying rate, White Plymouth Rock.
520 _a RESUMO - Objetivou-se testar diferentes estruturas de matrizes de (co)variâncias genotípicas e residuais em modelos de regressão aleatória para modelar a produção de ovos do 5o ao 12o mês de idade de poedeiras das raças Plymouth Rock Barrada e Plymouth Rock Branca, bem como estimar a herdabilidade no sentido amplo e as correlações ambientais e genotípicas. Foram avaliados seis modelos de regressão aleatória e, para todos os modelos, foram testadas 12 estruturas das matrizes genotípicas e residuais. O modelo de regressão aleatória com intercepto linear com estrutura de (co)variância desestruturada (UN) para a matriz de efeitos aleatórios e correlação desestruturada (UNR) para a matriz de resíduos, modela adequadamente a curva de produção de ovos das aves das duas raças estudadas. As correlações genotípicas variaram de 0.15 (entre o 5o e o 12o mês) a 0.99 (entre o 10o e o 11o mês), aumentando conforme a proximidade entre os meses. As herdabilidades para a produção de ovos entre o 5o e o 12o mês de idade aumentam com o avanço da idade, variando de 0.15 a 0.51. A partir do nono mês de idade a herdabilidade é moderada com estimativas de correlações genotípicas superiores a 90% nos meses 10, 11 e 12. Sugere-se a seleção das poedeiras através de critérios fenotípicos a partir do 9o mês de idade das aves. Palavras-chave: Plymouth Rock Barrada, herdabilidade, taxa de postura, Plymouth Rock Branca.
650 _aGALINHA PARA POSTURA
650 _aSELEÇÃO
650 _aHERDABILIDADE
650 _aOVO
650 _aPRODUÇÃO
773 0 _02408
_9346531
_dSanta Maria-RS Universidade Federal de Santa Maria - Centro de Ciências Rurais 1991
_o2024-7202
_tCiência Rural (Brazil)
_x0103-8478 Versão online ISSN 1678-4596
_gv. 47(5) p. 1-7; (2017)
_wBR2024004133
856 _uhttps://www.scielo.br/j/cr/a/b4v3YLTNVMmSZfGGjcNTRZC/?format=pdf&lang=en
942 _cANA
999 _c329566
_d329566